header

Configuring Exchange Server 2000 (Record no. 399)

MARC details
000 -LEADER
fixed length control field 01129nam a2200301Ia 4500
245 00 - TITLE STATEMENT
Title Configuring Exchange Server 2000
260 ## - PUBLICATION, DISTRIBUTION, ETC. (IMPRINT)
Place of publication Rockland :
Name of publisher Syngress Media,
Year of publication c2001.
300 ## - PHYSICAL DESCRIPTION
Number of Pages xxxii, 627 p.
500 ## - GENERAL NOTE
General note Includes index.
650 #0 - SUBJECT ADDED ENTRY--TOPICAL TERM
Topical Term Client/server computing.
700 1# - ADDED ENTRY--PERSONAL NAME
Personal name Mason, Liz.
Personal name Lefkovics, William.
Personal name Wade, William C.
856 40 - ELECTRONIC LOCATION AND ACCESS
Uniform Resource Identifier http://site.ebrary.com/lib/rucke/Doc?id=10007045

No items available.

© 2026 Rongo University
Contact us: librarian | system librarian | Rongo university